<?xml version="1.0" encoding="UTF-8"?>
<record
    xmlns:xsi="http://www.w3.org/2001/XMLSchema-instance"
    xsi:schemaLocation="http://www.loc.gov/MARC21/slim http://www.loc.gov/standards/marcxml/schema/MARC21slim.xsd"
    xmlns="http://www.loc.gov/MARC21/slim">

  <leader>01137nam a22002657a 4500</leader>
  <controlfield tag="003">AR-BeUNQ</controlfield>
  <controlfield tag="005">20250919140045.0</controlfield>
  <controlfield tag="008">250919b20222025spaabcogr6n|| |00 fdspa d</controlfield>
  <datafield tag="020" ind1=" " ind2=" ">
    <subfield code="a">9789878835648</subfield>
  </datafield>
  <datafield tag="040" ind1=" " ind2=" ">
    <subfield code="a">AR-BeUNQ</subfield>
    <subfield code="b">spa</subfield>
    <subfield code="c">AR-BeUNQ</subfield>
    <subfield code="e">aacr</subfield>
  </datafield>
  <datafield tag="082" ind1=" " ind2=" ">
    <subfield code="2">21</subfield>
    <subfield code="a">A863 BAY</subfield>
  </datafield>
  <datafield tag="100" ind1="1" ind2="2">
    <subfield code="a">By&#xFA;gar, Adolfo Guillermo</subfield>
    <subfield code="c">coaut.</subfield>
    <subfield code="d">1982</subfield>
  </datafield>
  <datafield tag="245" ind1="1" ind2="1">
    <subfield code="a">Tortas fritas de polenta.</subfield>
    <subfield code="c">Adolfo Guillermo Bay&#xFA;gar y Eduardo Ariel Martinelli</subfield>
    <subfield code="h">libro</subfield>
  </datafield>
  <datafield tag="250" ind1="1" ind2="1">
    <subfield code="a">1a.ed. </subfield>
    <subfield code="b">ilustrada</subfield>
  </datafield>
  <datafield tag="260" ind1=" " ind2=" ">
    <subfield code="a">Tres Arroyos : </subfield>
    <subfield code="b">Ministerio de Educaci&#xF3;n Argentina</subfield>
    <subfield code="c">2022. </subfield>
  </datafield>
  <datafield tag="300" ind1=" " ind2=" ">
    <subfield code="a">100 p. ;</subfield>
    <subfield code="b">il. ;</subfield>
    <subfield code="c">24x 17 cm</subfield>
    <subfield code="e">Propueste de lectura y actividades con el libro en las aulas.</subfield>
  </datafield>
  <datafield tag="500" ind1=" " ind2=" ">
    <subfield code="a">Novela grafica sobre los combatientes de Malvinas. </subfield>
  </datafield>
  <datafield tag="650" ind1=" " ind2=" ">
    <subfield code="2">tell</subfield>
    <subfield code="a">Narrativa</subfield>
  </datafield>
  <datafield tag="651" ind1=" " ind2=" ">
    <subfield code="2">unescot</subfield>
    <subfield code="a">Argentina</subfield>
  </datafield>
  <datafield tag="655" ind1=" " ind2=" ">
    <subfield code="a">Autobiogr&#xE1;fico</subfield>
  </datafield>
  <datafield tag="700" ind1=" " ind2=" ">
    <subfield code="a">Martinelli, Eduardo Ariel</subfield>
    <subfield code="e">coaut</subfield>
  </datafield>
  <datafield tag="856" ind1=" " ind2=" ">
    <subfield code="3">https://www.diariohuarpe.com/nota/lectura-en-cuarentena-torta-frita-de-polenta-una-historieta-sobre-malvinas-necesaria--20204213540</subfield>
  </datafield>
  <datafield tag="929" ind1=" " ind2=" ">
    <subfield code="a">DONACION</subfield>
    <subfield code="b">Ministerio de Educaci&#xF3;n de la Pcia de Buenos Aires.</subfield>
    <subfield code="c">0</subfield>
    <subfield code="d">0</subfield>
    <subfield code="e">03/11/2024</subfield>
    <subfield code="f">PAT0083824</subfield>
    <subfield code="j">61618</subfield>
  </datafield>
  <datafield tag="942" ind1=" " ind2=" ">
    <subfield code="c">LIB</subfield>
  </datafield>
  <datafield tag="999" ind1=" " ind2=" ">
    <subfield code="c">1354</subfield>
    <subfield code="d">1354</subfield>
  </datafield>
  <datafield tag="952" ind1=" " ind2=" ">
    <subfield code="0">0</subfield>
    <subfield code="1">0</subfield>
    <subfield code="a">BIBESET</subfield>
    <subfield code="b">BIBESET</subfield>
    <subfield code="c">circulacion</subfield>
    <subfield code="d">2025-09-19</subfield>
    <subfield code="l">0</subfield>
    <subfield code="o">A863 BAY</subfield>
    <subfield code="p">61618</subfield>
    <subfield code="r">2025-09-19</subfield>
    <subfield code="w">2025-09-19</subfield>
    <subfield code="y">LIB</subfield>
    <subfield code="k">GA</subfield>
  </datafield>
</record>
